000 01401nam a2200349Ia 4500
001 ebr10308117
003 CaPaEBR
006 m u
007 cr cn|||||||||
008 081229s2009 enkab sb 001 0 eng d
020 _z9781405145565 (hbk.)
020 _z1405145560 (hbk.)
020 _z1405145552 (pbk.)
020 _z9781405145558 (pbk.)
040 _aCaPaEBR
_cCaPaEBR
035 _a(OCoLC)429138105
050 1 4 _aG65
_b.M33 2009eb
100 1 _aMaddrell, Avril,
_d1964-
245 1 0 _aComplex locations
_h[electronic resource] :
_bwomen's geographical work in the UK, 1850-1970 /
_cAvril Maddrell.
260 _aChichester, U.K. ;
_aMalden, MA :
_bWiley-Blackwell,
_c2009.
300 _axvi, 411 p. :
_bill., maps.
490 1 _aRGS-IBG book series
504 _aIncludes bibliographical references (p. [357]-391) and index.
533 _aElectronic reproduction.
_bPalo Alto, Calif. :
_cebrary,
_d2011.
_nAvailable via World Wide Web.
_nAccess may be limited to ebrary affiliated libraries.
650 0 _aWomen geographers
_xHistory.
650 0 _aGeography
_xResearch
_xHistory.
650 0 _aWomen in higher education
_xHistory.
655 7 _aElectronic books.
_2local
710 2 _aebrary, Inc.
830 0 _aRGS-IBG book series.
856 4 0 _uhttp://site.ebrary.com/lib/rucke/Doc?id=10308117
_zAn electronic book accessible through the World Wide Web; click to view
999 _c160485
_d160485